000 00563nam a22001697a 4500
003 MACL
005 20160721153844.0
008 160721b xxu||||| |||| 00| 0 eng d
040 _cMACL
041 _aHindi
082 _a800 SUR
100 _aमगदुम, सुजाता न
_964890
245 _aनिराला का गध-साहित्‍य
_cसुजाता न. मगदुम
260 _aनई दिल्‍ली
_bशुभदा प्रकाशन
_c2014
650 _aरचनावली
_9163
942 _2ddc
_cHIN
999 _c54602
_d54602